hollow knight trivia - Statistics

General Stats
  • This quiz has been taken 1,508 times
  • The average score is 12 of 15
Answer Stats
Hint Answer % Correct
in the colloseum of fools how many trials can you do 3
93%
how many npcs show up in dirtmouth throughout a playthrough of 112% 10
92%
how much essence is required for awoken dream nail 1800
90%
how many arcane eggs can you get throughout the kingdom of hallownest 4
88%
who is the nailmasters teacher/nailsage sly
86%
how many snail shamans can be found around the kingdom (not just the npc) 3
85%
the kingsoul charm costs how many notches to use 5
84%
how many bosses must be fought in order to beat the game casually (no skips performed)(lowest number) 8
79%
the charm dashmaster loosely resembles which undertale character sans
76%
how many charms can be found in one playthrough 40
74%
the soul master uses which spell in his final phase desolate dive
73%
which charm allows you to deal damage while shade cloaking sharp shadow
72%
what is the reward for filling the hunters journal hunters mark
71%
tuc is located in which area of the map royal waterways
68%
in steel soul who replaces jiji jinn
53%
No matching quizzes found
Score Distribution
Percent of People with Each Score
Percentile by Number Answered
Your Score History
You have not taken this quiz